000 00690nam a2200193Ia 4500
003 IN-BaIIA
008 211028s9999 xx 000 0 eng d
020 _a2-86332-122-06
040 _cIIA Library
080 _a524.85
_bROC
111 _aIAP Astrophysics Meeting
_n8th
_cParis
_d1992 July 7-11
_927966
245 0 _aFirst Light in the universe stars or QSO's?
_bproceedings of the 8th IAP Astrophysics Meeting held in Paris, July 7-11 1992
_cedited by B. Rocca Volmerange
260 _aFrance
_bEditions Frontiers
_c1993
300 _axxii, 432p.
650 _aQSO
_918529
650 _aQuasars
_91096
700 _aRocca Volmerange, B., ed.
_917615
942 _cBK
999 _c15211
_d15211